Quali paesi sono in Sardegna? - Statistics

General Stats
  • This quiz has been taken 108 times
  • The average score is 6 of 15
Answers on the Grid
Answers color-coded by a green-red scale on the quiz's grid according to % correct below.
ULASSAI
BARADILI
CAMPARADA
DOLIANOVA
ATRANI
PECORARA
BORE
LAGANADI
ANELA
ARZACHENA
ASUNI
CURCURIS
TETI
CURSI
CHEREMULE
CONCA CASALE
MASULLAS
MONTELONGO
NURECI
SAN PAOLO DI JESI
OLIVADI
ZERFALIU
TERZOLAS
SANTA GIUSTA
MONTEFRANCO
TEANA
BARATILI SAN PIETRO
GEMINI
SILIGO
CASTEL VISCARDO
 
Answer Stats
Answer % Correct
ULASSAI
82%
DOLIANOVA
69%
ARZACHENA
59%
BARADILI
55%
ASUNI
47%
SANTA GIUSTA
43%
TETI
41%
MASULLAS
39%
ZERFALIU
37%
NURECI
31%
ANELA
29%
BARATILI SAN PIETRO
27%
CHEREMULE
27%
SILIGO
27%
CURCURIS
25%
No matching quizzes found
Score Distribution
Percent of People with Each Score
Percentile by Number Answered
Your Score History
You have not taken this quiz